000 00603nam a22001697a 4500
999 _c14894
_d14894
008 200130b ||||| |||| 00| 0 eng d
020 _a9786214061846
082 _22019
_aDFil 647.940688
_bL628
100 _aLim, Romeo D.
_911666
245 _aA macro perspective on tourism and hospitality/
_cRomeo D. Lim
260 _a Intramuros, Manila:
_bMindshapers Co., Inc.,
_c©2019.
300 _aiii, 331 page:
_billustrations;
_c25 cm.
650 _aHospitality industry -- Marketing
_939854
650 _aTourist trade -- Marketing
_939855
650 _aTourism -- Marketing
_939856
942 _2ddc
_cDFIL